<?xml version="1.0" encoding="UTF-8"?><?xml-stylesheet type="text/xsl" href="static/style.xsl"?><OAI-PMH xmlns="http://www.openarchives.org/OAI/2.0/" xmlns:xsi="http://www.w3.org/2001/XMLSchema-instance" xsi:schemaLocation="http://www.openarchives.org/OAI/2.0/ http://www.openarchives.org/OAI/2.0/OAI-PMH.xsd"><responseDate>2026-06-29T02:21:08Z</responseDate><request verb="GetRecord" identifier="oai:docta.ucm.es:20.500.14352/100000" metadataPrefix="marc">https://docta.ucm.es/rest/oai/request</request><GetRecord><record><header><identifier>oai:docta.ucm.es:20.500.14352/100000</identifier><datestamp>2025-03-18T13:50:11Z</datestamp><setSpec>com_20.500.14352_14</setSpec><setSpec>col_20.500.14352_15</setSpec></header><metadata><record xmlns="http://www.loc.gov/MARC21/slim" xmlns:dcterms="http://purl.org/dc/terms/" xmlns:xsi="http://www.w3.org/2001/XMLSchema-instance" xmlns:doc="http://www.lyncode.com/xoai" xsi:schemaLocation="http://www.loc.gov/MARC21/slim http://www.loc.gov/standards/marcxml/schema/MARC21slim.xsd">
   <leader>00925njm 22002777a 4500</leader>
   <datafield ind2=" " ind1=" " tag="042">
      <subfield code="a">dc</subfield>
   </datafield>
   <datafield ind2=" " ind1=" " tag="720">
      <subfield code="a">Lavilla Muñoz, David</subfield>
      <subfield code="e">author</subfield>
   </datafield>
   <datafield ind2=" " ind1=" " tag="260">
      <subfield code="c">2005</subfield>
   </datafield>
   <datafield ind2=" " ind1=" " tag="520">
      <subfield code="a">El e-learning es una herramienta indispensable a la hora de establecer procesos deformación continua, y se puede definir por tres elementos: la comunicación, el conocimiento yla tecnología. Esta forma de aprendizaje establece una original y atractiva manera de relación universidad-alumno-profesor que hace desaparecer la jerarquía existente entre estos actores. Primero porque ofrece acceso a una gran red de conocimientos, de forma dinámica, que facilita a las personas un aprendizaje de una manera personalizada y flexible. Y, segundo, y no menos importante, porque permite a las organizaciones construir, mantener y fidelizar su personal con una gran aportación de un valor a un coste más competitivo. Además, con este sistema, se aprovecha el medio Internet par a desarrollar proyectos formativos, lo que hace reducir de manera ostensible, costes fijos a la empresa, al empleado y al cliente (Dapozo,2001).</subfield>
   </datafield>
   <datafield ind1="8" ind2=" " tag="024">
      <subfield code="a">Lavilla Muñoz, D. (2005) El web site como puerta de acceso al e-conocimiento entre la universidad privada, los alumnos y personal docente de la empresa. Glosas Didácticas. Revista electrónica Internacional, (13), 27-37</subfield>
   </datafield>
   <datafield ind1="8" ind2=" " tag="024">
      <subfield code="a">https://hdl.handle.net/20.500.14352/100000</subfield>
   </datafield>
   <datafield ind1="8" ind2=" " tag="024">
      <subfield code="a">1576-7809</subfield>
   </datafield>
   <datafield ind1="8" ind2=" " tag="024">
      <subfield code="a">https://www.um.es/glosasdidacticas/numeros/13.html</subfield>
   </datafield>
   <datafield ind1="8" ind2=" " tag="024">
      <subfield code="a">https://www.um.es/glosasdidacticas/GD13/GD13_04.pdf</subfield>
   </datafield>
   <datafield ind2="0" ind1="0" tag="245">
      <subfield code="a">El web site como puerta de acceso al e-conocimiento entre la universidad privada, los alumnos y personal docente de la empresa</subfield>
   </datafield>
</record></metadata></record></GetRecord></OAI-PMH>